1853 1029 1984 1301 1168 1144 1194 1809 1781 1431 1354 1554 1337 1745 1442 1579 1034 1904 1012 1270 1694 1537 1853 1881 1968 1496 1208 1235 1438 1166 1017 1175 1354 1069 1283 1547 1754 1865 1429 1240 1057 1719 1786 1812 1935 1104 1724 1004 1359 1444 1413 1620 1074 1774 1231 1901 1750 1555 1573 1759 1345 1460 1143 1146 1539 1144 1580 1119 1249 1157 1908 1769 1677 1193 1690 1758 1816 1103 1683 1461 1840 1173 1369 1073 1185 1098 1288 1751 1190 1215 1896 1915 1191 1670 1267 1096 1736 1526 1562 BCNSPRNW ULIB Ver.6.0+V

เปลี่ยนเป็นภาษาไทย

Change to English
 แสดงรายละเอียดบรรณานุกรม
  กลับหน้าหลัก

Brief Record : Get Marc (ISO 2709) : E-mail record : QR code < ปิดหน้าต่าง
LEADER : 00000nam 2200000uu 4500
001    13399124993
003     ULIB
008    160527s2000||||th 000 0 eng d
020    ^a080892186X
020    ^a0721662544
020    ^a0721682618
060  4 ^aW3^bD73
245 00 ^aDorland^'s illustrated medical dictionary. /^cWilliamAlexander Dorland
246 30 ^aIllustrated medical dictionary
250    ^a29th ed.
260    ^aPhiladelphia :^bW.B. Saunders,^c2000
300    ^axxiii, 2088 p. :^bill. ;^c29 cm.
500    ^aSend to Single Search
650  2 ^aDictionaries, Medical
650  2 ^aReference Books, Medical
700 1  ^aDorland, W.A. Newman^q(William Alexander Newman),^d1864-1956
945    ^p0^l0^i23716
999    ^aทศพร เกษรทอง
รายการนี้ยังไม่มีแท็ก
คุณยังไม่ได้ล็อกอิน คุณสามารถมีกิจกรรมร่วมกับเว็บไซต์ได้ แต่ต้องล็อกอินก่อน ::
  ล็อกอิน

รายการสื่อสารสนเทศ

ลำดับที่ ประเภท เลขเรียก/บาร์โค้ด สถานที่ สถานะ
1. วิทยาศาสตร์การแพทย์ และสุขภาพ
วิทยาศาสตร์การแพทย์ และสุขภาพ
W3 D73 ฉ.1 
  Barcode: 23716
ห้องสมุดวิทยาเขตนครสวรรค์
►หนังสือทั่วไป:l:General Books
บนชั้น

รายการใกล้เคียง
    หัวเรื่อง [Dictionaries, Medical]
    หัวเรื่อง [Reference Books, Medical]

BibComment


ยังไม่เคยถูกคอมเมนท์

คอมเมนท์ทรัพยากรรายการนี้
  คอมเมนท์: Dorlands illustr..


 Copyright 2026. Bcnsprnw @Library